LEADER 01079nam a2200253 a 4500 001 000000118874 003 CaOOAMICUS 005 20091217111510.0 008 091217s1979 be u000 u fre r 040 $aPUL$bita$dCP 100 1 $aGaier, Claude.$0(OLS)http://pul/name/67285 245 14$aLes armes /$cpar Claude Gaier. 260 $aTurnhout :$bBrepols,$c1979. 300 $a95 p. ;$c24 cm 490 1 $aTypologie des sources du Moyen Âge Occidental ;$vfasc. 34 504 $aBibliografia in nota 650 4$aArmi$zStoria$zEuropa$xBibliografia.$0(OLS)http://pul/subject/36136 650 4$aArmi$zStoria$yEvo medio$xBibliografia.$0(OLS)http://pul/subject/36137 830 0$aTypologie des sources du Moyen Âge Occidental ;$vfasc. 34.$0(OLS)http://pul/title/745 850 $aPUL 852 $aPUL$W1$xSL Cons. Gen., Altre Classi 1$y1$m2022 A 34$j136424$qStampati$B135399$CPULBib$Z2$F135399 $H48122 $82 941 1 $a8 996 $6245$aLes armes$9(OLS)http://pul/title/149611 996 $6260$aTurnhout :$bBrepols$9(OLS)http://pul/publisher/47850 LEADER 01038nam a2200265 u 4500 001 000000050455 003 CaOOAMICUS 005 20070226115226.0 008 000802s1964 enkf u000 u eng u 035 $a10853524 040 $aPUL(R)$bita 100 1 $aAllegro, John M.$0(OLS)http://pul/name/36330 245 14$aThe Dead Sea scrolls :$ba reappraisal /$cJohn Allegro. 260 $aHarmondsworth :$bPenguin,$c1964. 300 $a207 p., [24] p. di tav. :$bill. ;$c19 cm 490 1 $aPelican book 500 $aInclude indici. 630 04$aManoscritti del Mar Morto.$0(OLS)http://pul/subject/3175 830 0$aPelican book.$0(OLS)http://pul/title/6982 850 $aPUL 852 $aPUL$W1$xDP1 Fondo Ciprotti$y59$m1533 F 27$j66895$nBK-PRI$b $qFondi$B66895$CPULBib$Z2$F66895 $H $81 941 1 $a1 961 $aINV: 0550. Fondo Ciprotti 996 $6245$aThe Dead Sea scrolls :$ba reappraisal$9(OLS)http://pul/title/67890 996 $6260$aHarmondsworth :$bPenguin$9(OLS)http://pul/publisher/49645